| 000 | 01043cam a22002893a 4500 | ||
|---|---|---|---|
| 001 | 2071 | ||
| 003 | PGUSA | ||
| 005 | 20140828083010.0 | ||
| 008 | 060326s2006||||xxu|||||s|||||000 | eng d | ||
| 040 |
_aPGUSA _beng |
||
| 042 | _adc | ||
| 050 | 4 | _aPR | |
| 245 | 1 | 0 |
_aStories by English Authors : _bGermany (Selected by Scribners) _h[electronic resource] |
| 260 |
_bProject Gutenberg, _c2006 |
||
| 505 | 0 | _aThe bird on its journey / Beatrice Harraden -- Koosje, a study of Dutch life / John Strange Winter -- A dog of Flanders / Ouida -- Markheim / R.L. Stevenson -- Queen Tita's wager / William Black. | |
| 506 | _aPublic domain in the USA. | ||
| 516 | _aElectronic text | ||
| 653 | _aShort stories, English | ||
| 700 | 1 |
_aHarraden, Beatrice, _d1864-1936 |
|
| 700 | 1 |
_aStevenson, Robert Louis, _d1850-1894 |
|
| 700 | 1 |
_aBlack, William, _d1841-1898 |
|
| 700 | 1 |
_aWinter, John Strange, _d1856-1911 |
|
| 700 | 1 |
_aOuida, _d1839-1908 |
|
| 830 | 0 |
_aProject Gutenberg _v2071 |
|
| 856 | 4 | 0 | _uhttp://www.gutenberg.org/ebooks/2071 |
| 942 | _cEB | ||
| 999 |
_c231410 _d231410 |
||